| 000 | 00590nam a22001811a 4500 | ||
|---|---|---|---|
| 003 | NEGST | ||
| 005 | 20160423020003.0 | ||
| 008 | 030627s 001 0 eng d | ||
| 110 | 2 | _aStonehouse Catherine. | |
| 245 | 1 | 0 |
_aWith children on the spiritual journey : _bmanuscript prepared for publication / _cby Catherine stonehouse. _h[Text] |
| 260 |
_a[S.l.] _b[s.n.] _c[199?] |
||
| 300 | _a253p. | ||
| 500 | _aIncludes bibliographical references. Unpublished manuscript. | ||
| 590 | _aAccession number: 22537 | ||
| 650 | 0 | _aChristian education of children. | |
| 942 | 0 | 0 | _03 |
| 999 |
_c23418 _d23418 |
||